words by their cognates - German - Statistics

General Stats
  • This quiz has been taken 30 times
  • The average score is 11 of 15
Answer Stats
German Word English Cognate % Correct
blau blue
96%
Kaffee coffee
96%
neu new
96%
Qualität quality
96%
Violine violin
96%
Milch milk
93%
Montag Monday
86%
oft often
86%
grau grey
75%
lacheln to laugh
57%
Einfluss influence
54%
Rezept recipe
54%
Keller celler
50%
Ellenbogen elbow
50%
jonglieren to juggle
36%
No matching quizzes found
Score Distribution
Percent of People with Each Score
Percentile by Number Answered
Your Score History
You have not taken this quiz